000 01074nam a2200277 4500
001 0000020778
003 CO-CtgCURN
005 20250826223710.0
008 160627s2001 000 0 eng d
020 _a9586761371
040 _aCO-CtgCURN
_bspa
_ccoctgcurn
082 0 _a344.8861
_bF43r
100 1 _aFierro-Mendez, Heliodoro.
245 1 3 _aLa responsabilidad penal en los contratos administrativos /
_cHeliodoro Fierro Mendez.
260 _aBogotá :
_bDoctrina y Ley,
_c2001.
300 _a335 p.
336 _2rdacontent
337 _2rdamedia
_asin mediacion
_bn
338 _2rdacarrier
_avolumen
_bnc
500 _aIncluye indice.
505 8 _aArgumentos para un juicio de valor.-- Administración publica y derecho penal.--El principio de la legalidad de la conducta punible en la celebracion indebida de contratos.--Pricipios rectores de la contratacion administrativa
650 0 _aContratos
_zColombia.
908 _a160627
942 _cBK
_h344.8861
_iF43r
_2ddc
999 _c49703
_d49703
_x1